Modernas: historias de mujeres en el arte chileno, 1900-1950

Enregistré dans:
Détails bibliographiques
Auteur principal: Cortés Aliaga, Gloria (Auteur)
Format: Livre
Langue:espagnol
Publié: Santiago Origo Ediciones 2013
Édition:1a. ed
Sujets:
Tags: Ajouter un tag
Pas de tags, Soyez le premier à ajouter un tag!

MARC

LEADER 00000cam a2200000 a 4500
001 UCC1389
003 CL-VaPUC
008 171020e20130000cl |||||||||||||||||spa|d
020 |a 9789563161465 
082 0 4 |a 709.83  |b COR  |2 21 
100 0 |a Cortés Aliaga, Gloria  |e author  |9 595460 
245 1 0 |a Modernas: historias de mujeres en el arte chileno, 1900-1950 
250 |a 1a. ed 
300 |a 243 p 
942 |c BK 
945 |d 20171020 15:16:00  |a arojas 
260 |a Santiago  |b Origo Ediciones  |c 2013 
650 0 |a Mujeres en el arte  |9 352297 
650 0 |a Arte chileno   |9 369871 
650 0 |a Arte contemporáneo chileno  |9 464579 
583 |a last modification  |c 20171020 15:16:00  |k Rodrigo Vera 
999 |c 369910  |d 369908 
952 |0 0  |1 0  |3 erb  |4 0  |6 709_830000000000000_COR_2013  |7 0  |8 A  |9 486067  |a BIBHIS  |b BIBHIS  |i 543100K  |l 5  |o 709.83 COR 2013  |p 543100K  |q 2025-06-04  |r 2025-05-05  |s 2025-05-05  |w 2019-11-24  |y BK  |z Catalogado en:20171020  |k HIS